00413nmm a2200133Ia 4500008004100000041000800041100002200049245003200071264005700103300001600160490002200176650003000198856005100228251105s9999||||xx |||||||||||||||||und|| aspa aMatheson, Richard 0aEn algún lugar del tiempo a[Madrid, España] :bLa Factoría de Ideas, c2012 a0 páginas aSolaris ficción aScience fiction & Fantasy uhttps://public.digitaliapublishing.com/a/25189